Länder Europas nach Bevölkerungsdichte (absteigende Reihenfolge) - Statistiken

Allgemein
  • Dieses Quiz wurde 33 mal gespielt
    4 seit der letzten Aktualisierung
  • Das Durchschnittsergebnis liegt bei 21 aus 44
Antwortstatistiken
Hint Antwort % Korrekt
19.700 EW/km² Monaco
100%
380 EW/km² Belgien
67%
232 EW/km² Deutschland
67%
16,6 EW/km² Finnland
67%
119 EW/km² Frankreich
67%
277 EW/km² Grossbritannien
67%
72,6 EW/km² Irland
67%
3,88 EW/km² Island
67%
195 EW/km² Italien
67%
250 EW/km² Liechtenstein
67%
271 EW/km² Luxemburg
67%
1580 EW/km² Malta
67%
426 EW/km² Niederlande
67%
16,7 EW/km² Norwegen
67%
112 EW/km² Portugal
67%
492 EW/km² San Marino
67%
23,3 EW/km² Schweden
67%
93,8 EW/km² Spanien
67%
97,4 EW/km² Albanien
33%
171 EW/km² Andorra
33%
44,3 EW/km² Belarus
33%
66,4 EW/km² Bosnien und Herzegowina
33%
61,3 EW/km² Bulgarien
33%
128 EW/km² Dänemark
33%
28,7 EW/km² Estland
33%
80,3 EW/km² Griechenland
33%
67,1 EW/km² Kroatien
33%
29,4 EW/km² Lettland
33%
42,9 EW/km² Litauen
33%
103 EW/km² Moldau
33%
43,4 EW/km² Montenegro
33%
70 EW/km² Nordmazedonien
33%
107 EW/km² Österreich
33%
122 EW/km² Polen
33%
79,7 EW/km² Rumänien
33%
8,44 EW/km² Russland
33%
213 EW/km² Schweiz
33%
87,8 EW/km² Serbien
33%
110 EW/km² Slowakei
33%
104 EW/km² Slowenien
33%
133 EW/km² Tschechien
33%
67,9 EW/km² Ukraine
33%
104 EW/km² Ungarn
33%
141 EW/km² Zypern
33%
Keine übereinstimmenden Quizze gefunden
Verteilung der Resultate
Anzahl Personen mit jedem Resultat
Perzentil nach korrekt beantworteten Fragen
Ihre Resultats-Entwicklung
Sie haben dieses Quiz seit der letzten Aktualisierung nicht gespielt